[Event "Cappelle op 40th"]
[Site "Cappelle la Grande"]
[Date "2024.03.07"]
[Round "8"]
[White "Bogdanov, Egor"]
[Black "Godbole, Atharva"]
[Result "1-0"]
[WhiteElo "2409"]
[BlackElo "2199"]
[PlyCount "79"]
[EventDate "2024.03.02"]
[EventType "swiss"]
[EventRounds "9"]
[EventCountry "FRA"]
[SourceTitle "CB11_2024"]
[SourceDate "2024.03.13"]
[SourceVersion "1"]
[SourceVersionDate "2024.03.13"]
[SourceQuality "1"]

1. e4 c5 2. c3 Nf6 3. e5 Nd5 4. d4 cxd4 5. Nf3 Nc6 6. Bc4 Nb6 7. Bb3 d6 8. exd6 Qxd6 9. 0-0 Be6 10. Na3 dxc3 11. Qe2 Bxb3 12. Nb5 Qb8 13. axb3 e5 14. Nfd4 Be7 15. Nf5 0-0 16. Bh6 gxh6 17. Qg4+ Bg5 18. h4 f6 19. bxc3 Kh8 20. hxg5 hxg5 21. Rad1 a6 22. Nbd6 Qc7 23. Rd3 Nc8 24. Ne4 N8e7 25. Rfd1 Rad8 26. Nxe7 Qxe7 27. Rd7 f5 28. Rxe7 fxg4 29. Rxd8 Nxd8 30. Nxg5 Kg8 31. Rxh7 Rf5 32. Rd7 Rxg5 33. Rxd8+ Kh7 34. Rd7+ Rg7 35. Rxg7+ Kxg7 36. Kh2 Kf6 37. Kg3 Kf5 38. f3 gxf3 39. Kxf3 b5 40. b4 1-0

[Event "Hanoi 08"]
[Site "Hanoi"]
[Date "2022.08.01"]
[Round "1"]
[White "Godbole, Atharva"]
[Black "Dao, Minh Nhat"]
[Result "1/2-1/2"]
[WhiteElo "2225"]
[BlackElo "2269"]
[PlyCount "87"]
[EventDate "2022.08.01"]
[EventType "tourn"]
[EventRounds "9"]
[EventCountry "VIE"]
[SourceTitle "EXT 2023"]
[Source "ChessBase"]
[SourceDate "2022.10.05"]
[SourceVersion "1"]
[SourceVersionDate "2022.10.05"]
[SourceQuality "1"]

1. e4 e6 2. d4 d5 3. e5 c5 4. c3 Nc6 5. Nf3 Qb6 6. a3 a5 7. Bd3 Bd7 8. 0-0 Nh6 9. Bc2 cxd4 10. cxd4 Nf5 11. Bxf5 exf5 12. Nc3 Be6 13. Qd3 Be7 14. Na4 Qa6 15. Qxa6 Rxa6 16. Nc5 Rb6 17. Be3 f4 18. Bxf4 Nxd4 19. Nxd4 Bxc5 20. Nxe6 fxe6 21. Rfc1 0-0 22. g3 Bd4 23. Rd1 Bxf2+ 24. Kxf2 g5 25. Ke3 gxf4+ 26. gxf4 Rc8 27. Rac1 Rxc1 28. Rxc1 Rxb2 29. Rc7 Rxh2 30. f5 exf5 31. Kf4 d4 32. Rxb7 d3 33. Rd7 d2 34. Kxf5 Kf8 35. e6 h5 36. Kf6 Rf2+ 37. Kg5 Rh2 38. Kf6 Ke8 39. Re7+ Kd8 40. Rd7+ Kc8 41. Rd3 h4 42. e7 Rf2+ 43. Kg7 Re2 44. Kf7 1/2-1/2

[Event "Pune Maharashtra op 1st"]
[Site "Pune"]
[Date "2022.06.01"]
[Round "2"]
[White "Godbole, Atharva"]
[Black "Stupak, Kirill"]
[Result "1-0"]
[WhiteElo "2210"]
[BlackElo "2440"]
[PlyCount "65"]
[EventDate "2022.05.31"]
[EventType "swiss"]
[EventRounds "11"]
[EventCountry "IND"]
[SourceTitle "CBM 208 Extra"]
[Source "ChessBase"]
[SourceDate "2022.07.31"]
[SourceVersion "1"]
[SourceVersionDate "2022.07.31"]
[SourceQuality "1"]

1. e4 e6 2. d4 d5 3. e5 c5 4. c3 Qb6 5. Nf3 Nc6 6. a3 f6 7. Bd3 fxe5 8. Nxe5 Nf6 9. 0-0 Bd6 10. Nxc6 bxc6 11. dxc5 Bxc5 12. b4 Bd6 13. c4 Qb8 14. h3 0-0 15. Nc3 a5 16. b5 Bh2+ 17. Kh1 Be5 18. Bd2 dxc4 19. Bxc4 cxb5 20. Nxb5 Bxa1 21. Qxa1 Ne4 22. Be3 Nd6 23. Nxd6 Qxd6 24. Bd4 Bb7 25. Re1 Rae8 26. Qc3 Qd7 27. Re5 Bd5 28. Rg5 g6 29. Bd3 Qe7 30. Qd2 e5 31. Bxg6 exd4 32. Bxe8+ Kh8 33. Qxd4+ 1-0

[Event "Dieren op"]
[Site "Dieren"]
[Date "2018.07.27"]
[Round "4"]
[White "Beukema, Jasper"]
[Black "Godbole, Atharva"]
[Result "1-0"]
[WhiteElo "2299"]
[BlackElo "2128"]
[PlyCount "63"]
[EventDate "2018.07.24"]
[EventType "tourn"]
[EventRounds "9"]
[EventCountry "NED"]
[SourceTitle "CBM 185 Extra"]
[Source "ChessBase"]
[SourceDate "2018.07.29"]
[SourceVersion "1"]
[SourceVersionDate "2018.07.29"]
[SourceQuality "1"]

1. d4 Nf6 2. Bg5 e6 3. Nd2 c5 4. e3 b6 5. Ngf3 Bb7 6. Bd3 Be7 7. c3 d6 8. e4 Nbd7 9. 0-0 0-0 10. Re1 Re8 11. e5 dxe5 12. dxe5 Nd5 13. Bxe7 Qxe7 14. Be4 Nf8 15. Nc4 Red8 16. Nd6 f5 17. exf6 Qxd6 18. fxg7 Kxg7 19. c4 Rab8 20. cxd5 exd5 21. Bc2 Re8 22. Nh4 Qf6 23. Qg4+ Kh8 24. Qh5 Bc6 25. Nf5 Qxb2 26. Qg5 Qc3 27. Rec1 Qe5 28. f4 Ne6 29. Qh6 Nxf4 30. Ng3 Qc7 31. Qf6+ Kg8 32. Nf5 1-0

[Event "Leiden op-A 12th"]
[Site "Leiden"]
[Date "2018.07.22"]
[Round "9"]
[White "Godbole, Atharva"]
[Black "Popovic, Dusan"]
[Result "0-1"]
[WhiteElo "2128"]
[BlackElo "2539"]
[PlyCount "60"]
[EventDate "2018.07.13"]
[EventType "swiss"]
[EventRounds "9"]
[EventCountry "NED"]
[SourceTitle "CBM 185 Extra"]
[Source "ChessBase"]
[SourceDate "2018.07.29"]
[SourceVersion "1"]
[SourceVersionDate "2018.07.29"]
[SourceQuality "1"]

1. e4 c5 2. Nf3 d6 3. d4 cxd4 4. Nxd4 Nf6 5. Nc3 a6 6. f3 e5 7. Nb3 Be6 8. Be3 Be7 9. Qd2 0-0 10. 0-0-0 Qc7 11. g4 Rc8 12. Kb1 d5 13. g5 d4 14. gxf6 dxe3 15. Qxe3 Bxf6 16. Rd2 a5 17. Nb5 Qe7 18. Rg1 a4 19. Nc1 Nc6 20. a3 Rd8 21. Rxd8+ Rxd8 22. Nc3 Nd4 23. Nxa4 b5 24. Nc3 b4 25. axb4 Qxb4 26. Nd5 Bxd5 27. exd5 Rb8 28. Nb3 Qa4 29. Nxd4 exd4 30. Qd3 Qb4 0-1

[Event "Leiden op-A 12th"]
[Site "Leiden"]
[Date "2018.07.21"]
[Round "8"]
[White "Slingerland, Fred"]
[Black "Godbole, Atharva"]
[Result "1-0"]
[WhiteElo "2355"]
[BlackElo "2128"]
[PlyCount "103"]
[EventDate "2018.07.13"]
[EventType "swiss"]
[EventRounds "9"]
[EventCountry "NED"]
[SourceTitle "CBM 185 Extra"]
[Source "ChessBase"]
[SourceDate "2018.07.29"]
[SourceVersion "1"]
[SourceVersionDate "2018.07.29"]
[SourceQuality "1"]

1. e4 e5 2. Nf3 Nc6 3. Bb5 a6 4. Bxc6 dxc6 5. 0-0 f6 6. d4 Bg4 7. dxe5 Qxd1 8. Rxd1 fxe5 9. Rd3 Bd6 10. Nbd2 b5 11. b3 Nf6 12. Bb2 Nd7 13. g3 0-0 14. Kg2 h6 15. h3 Be6 16. a4 Rfd8 17. Re3 c5 18. axb5 axb5 19. Ree1 Kf7 20. Red1 Kf6 21. Nh2 Ke7 22. Ng4 Bxg4 23. hxg4 Ke6 24. Rf1 Nb6 25. f4 c4 26. Nf3 Nd7 27. g5 cxb3 28. cxb3 hxg5 29. Nxg5+ Ke7 30. Nf3 Ke6 31. Rfc1 Rf8 32. fxe5 Nxe5 33. Nxe5 Bxe5 34. Bxe5 Kxe5 35. Rxa8 Rxa8 36. Rxc7 Kxe4 37. Rb7 Ra5 38. b4 Ra2+ 39. Kh3 Kf3 40. Rxb5 Ra1 41. Rf5+ Ke4 42. Kg4 Ra3 43. Rb5 Rb3 44. Rb7 Ke5 45. Rb6 Ke4 46. Rb5 Rb1 47. Kg5 Rg1 48. g4 Rg2 49. Rb7 Rb2 50. Kg6 Kf4 51. g5 Rb1 52. Rb5 1-0

[Event "Groningen op-A 55th"]
[Site "Groningen"]
[Date "2017.12.29"]
[Round "8"]
[White "Godbole, Atharva"]
[Black "Taal, Rieks"]
[Result "1/2-1/2"]
[WhiteElo "2178"]
[BlackElo "2088"]
[PlyCount "152"]
[EventDate "2017.12.22"]
[EventType "swiss"]
[EventRounds "9"]
[EventCountry "NED"]
[SourceTitle "CBM 182 Extra"]
[Source "ChessBase"]
[SourceDate "2018.02.23"]
[SourceVersion "1"]
[SourceVersionDate "2018.02.23"]
[SourceQuality "1"]

1. e4 c5 2. Nf3 e6 3. d4 cxd4 4. Nxd4 Nc6 5. Nc3 Qc7 6. Be3 a6 7. Qd2 Nf6 8. f3 Be7 9. 0-0-0 b5 10. g4 Nxd4 11. Bxd4 Bb7 12. g5 Nh5 13. Be3 d5 14. Bh3 b4 15. Na4 g6 16. Bg4 Ng7 17. exd5 Bxd5 18. Nb6 Rd8 19. Nxd5 Rxd5 20. Qe2 Ra5 21. Kb1 Bxg5 22. f4 Bf6 23. Rd3 0-0 24. Rhd1 Qc4 25. b3 Qc7 26. Bd4 Bxd4 27. Rxd4 Rb5 28. Rc4 Qa5 29. Rd7 Qa3 30. Bf3 Ra5 31. c3 bxc3 32. Rxc3 Rc5 33. Qd2 Rxc3 34. Qxc3 Nf5 35. Be2 Ne7 36. Bc4 Qc5 37. Qd4 Qxd4 38. Rxd4 Ra8 39. Rd7 Kf8 40. Kb2 Nf5 41. Bd3 Ke8 42. Rc7 Ne7 43. Be4 Rd8 44. Ra7 f5 45. Bb7 Rd2+ 46. Ka3 Nd5 47. Bxd5 exd5 48. Rxh7 d4 49. Rg7 Rg2 50. Kb4 Kf8 51. Rd7 Rxa2 52. Rxd4 Rxh2 53. Rd6 Kg7 54. Rxa6 Rh4 55. Kc3 Rxf4 56. b4 Rf3+ 57. Kc2 Kh6 58. b5 Re3 59. b6 Re5 60. Ra3 Re7 61. Ra7 Re8 62. b7 Rb8 63. Kd2 Kh5 64. Ke2 g5 65. Kf3 f4 66. Kg2 Kh4 67. Kf3 Kh5 68. Kg2 Kg4 69. Kf2 Kh4 70. Kf3 Kh5 71. Kg2 g4 72. Ra5+ Kh4 73. Rb5 g3 74. Kf3 g2 75. Kxg2 Kg4 76. Kf2 f3 1/2-1/2

[Event "Groningen op-A 55th"]
[Site "Groningen"]
[Date "2017.12.23"]
[Round "3"]
[White "Godbole, Atharva"]
[Black "Van Foreest, Machteld"]
[Result "1-0"]
[WhiteElo "2178"]
[BlackElo "1989"]
[PlyCount "61"]
[EventDate "2017.12.22"]
[EventType "swiss"]
[EventRounds "9"]
[EventCountry "NED"]
[SourceTitle "CBM 182 Extra"]
[Source "ChessBase"]
[SourceDate "2018.02.23"]
[SourceVersion "1"]
[SourceVersionDate "2018.02.23"]
[SourceQuality "1"]

1. e4 c5 2. Nf3 e6 3. d4 cxd4 4. Nxd4 Nc6 5. Nc3 Qc7 6. Be3 a6 7. Qd2 Nf6 8. 0-0-0 b5 9. f3 Be7 10. g4 Bb7 11. Kb1 Rc8 12. Nxc6 Bxc6 13. g5 Nh5 14. Bh3 b4 15. Ne2 Ba4 16. b3 Bb5 17. Nd4 g6 18. Bg4 Ng7 19. h4 Bc6 20. h5 gxh5 21. Bxh5 Nxh5 22. Rxh5 Rd8 23. Rdh1 d5 24. e5 Bb5 25. Rxh7 Rxh7 26. Rxh7 Qc3 27. Qxc3 bxc3 28. a4 Bd7 29. Rh8+ Bf8 30. Bc1 f5 31. g6 1-0

[Event "Groningen op-A 55th"]
[Site "Groningen"]
[Date "2017.12.23"]
[Round "2"]
[White "Grutter, Tim"]
[Black "Godbole, Atharva"]
[Result "1/2-1/2"]
[WhiteElo "2008"]
[BlackElo "2178"]
[PlyCount "95"]
[EventDate "2017.12.22"]
[EventType "swiss"]
[EventRounds "9"]
[EventCountry "NED"]
[SourceTitle "CBM 182 Extra"]
[Source "ChessBase"]
[SourceDate "2018.02.23"]
[SourceVersion "1"]
[SourceVersionDate "2018.02.23"]
[SourceQuality "1"]

1. e4 e5 2. Nf3 Nc6 3. Bc4 Nf6 4. d4 exd4 5. e5 d5 6. Bb5 Ne4 7. Nxd4 Bd7 8. Bxc6 bxc6 9. 0-0 Bc5 10. Be3 Bb6 11. f3 Ng5 12. f4 Ne4 13. Nd2 Nxd2 14. Qxd2 c5 15. Nb3 d4 16. Bf2 Bc6 17. c4 dxc3 18. Qxd8+ Rxd8 19. bxc3 Rd3 20. c4 0-0 21. Nxc5 Bxc5 22. Bxc5 Rfd8 23. Bxa7 Rd2 24. Rf2 Rd1+ 25. Rxd1 Rxd1+ 26. Rf1 Rd2 27. Rf2 Rd1+ 28. Rf1 Rd2 29. Bf2 Rxa2 30. Rd1 h5 31. h3 Rc2 32. c5 Be4 33. Rd4 Bf5 34. Be3 Kh7 35. Rd2 Rxd2 36. Bxd2 c6 37. Kf2 g6 38. Ke3 Kg8 39. Kf3 Kf8 40. g4 hxg4+ 41. hxg4 Be6 42. Ba5 Ke7 43. Kg3 f5 44. gxf5 Bxf5 45. Bc7 Ke6 46. Kh4 Be4 47. Kg5 Bd3 48. Bd6 1/2-1/2

[Event "Zadar op-A 24th"]
[Site "Zadar"]
[Date "2017.12.14"]
[Round "7"]
[White "Ivic, Mateo"]
[Black "Godbole, Atharva"]
[Result "1-0"]
[WhiteElo "2237"]
[BlackElo "2178"]
[PlyCount "115"]
[EventDate "2017.12.09"]
[EventType "swiss"]
[EventRounds "9"]
[EventCountry "CRO"]
[SourceTitle "CBM 182 Extra"]
[Source "ChessBase"]
[SourceDate "2018.02.23"]
[SourceVersion "1"]
[SourceVersionDate "2018.02.23"]
[SourceQuality "1"]

1. e4 e5 2. Nf3 Nc6 3. Bb5 a6 4. Ba4 Nf6 5. Qe2 b5 6. Bb3 Be7 7. c3 d6 8. 0-0 0-0 9. h3 Na5 10. Bc2 c5 11. Rd1 Qc7 12. d3 Re8 13. Nbd2 Bf8 14. Nf1 g6 15. Bg5 Bg7 16. Ne3 Be6 17. Qd2 h6 18. Bxf6 Bxf6 19. b4 Nc6 20. Bb3 Bg7 21. Bxe6 Rxe6 22. a4 Ree8 23. Ra3 Qb7 24. Rda1 cxb4 25. cxb4 Ne7 26. Qa2 Red8 27. axb5 Qxb5 28. Qc4 Rab8 29. Rxa6 Qxb4 30. Qxb4 Rxb4 31. Ra8 Rbb8 32. Rxb8 Rxb8 33. Nd2 f5 34. Ra7 Kf8 35. Ndc4 f4 36. Nd5 Nxd5 37. exd5 Rb5 38. Ra5 Rb3 39. Nxd6 Rxd3 40. Ne4 Ke8 41. Ra8+ Kf7 42. Ra7+ Kf8 43. d6 h5 44. f3 Bh6 45. Kf2 Ke8 46. Ke2 Rd4 47. Nf6+ Kf8 48. d7 Bg7 49. Ne4 Bh6 50. Nc5 Ke7 51. d8Q+ Kxd8 52. Ne6+ Ke8 53. Nxd4 exd4 54. Kd3 Kf8 55. Kxd4 Kg8 56. Ke5 g5 57. Kf5 h4 58. Kg6 1-0

[Event "Zadar op-A 24th"]
[Site "Zadar"]
[Date "2017.12.12"]
[Round "5"]
[White "Godbole, Atharva"]
[Black "Unuk, Laura"]
[Result "0-1"]
[WhiteElo "2178"]
[BlackElo "2334"]
[PlyCount "88"]
[EventDate "2017.12.09"]
[EventType "swiss"]
[EventRounds "9"]
[EventCountry "CRO"]
[SourceTitle "CBM 182 Extra"]
[Source "ChessBase"]
[SourceDate "2018.02.23"]
[SourceVersion "1"]
[SourceVersionDate "2018.02.23"]
[SourceQuality "1"]

1. e4 e6 2. d4 d5 3. e5 c5 4. c3 Nc6 5. Nf3 Qb6 6. a3 Nh6 7. b4 cxd4 8. cxd4 Nf5 9. Bb2 Bd7 10. g4 Nfe7 11. Nc3 Ng6 12. Na4 Qd8 13. h4 h5 14. g5 b6 15. Nc3 a6 16. Bd3 Nge7 17. Bc1 b5 18. Be3 g6 19. Rc1 Nc8 20. Ne2 Nb6 21. Nf4 Ne7 22. Nd2 Nc4 23. Rc3 Bc6 24. Qf3 Rc8 25. Nb3 Bg7 26. Qh3 Nf5 27. Bxf5 exf5 28. e6 Qd6 29. Nc5 0-0 30. Qf3 a5 31. 0-0 axb4 32. axb4 Ra8 33. Rd1 Ra2 34. Rb3 Rfa8 35. exf7+ Kxf7 36. Nxh5 gxh5 37. Qxf5+ Kg8 38. g6 Be8 39. Ne6 R8a6 40. Qxh5 Qxe6 41. Qh7+ Kf8 42. Bg5 Qg4+ 43. Rg3 Qxd1+ 44. Kg2 Rxf2+ 0-1

[Event "Zadar op-A 24th"]
[Site "Zadar"]
[Date "2017.12.10"]
[Round "3"]
[White "Banzea, Alexandru Bogdan"]
[Black "Godbole, Atharva"]
[Result "1-0"]
[WhiteElo "2304"]
[BlackElo "2178"]
[PlyCount "113"]
[EventDate "2017.12.09"]
[EventType "swiss"]
[EventRounds "9"]
[EventCountry "CRO"]
[SourceTitle "CBM 182 Extra"]
[Source "ChessBase"]
[SourceDate "2018.02.23"]
[SourceVersion "1"]
[SourceVersionDate "2018.02.23"]
[SourceQuality "1"]

1. e4 e5 2. Nf3 Nc6 3. Bc4 Nf6 4. d3 Bc5 5. c3 a6 6. 0-0 Ba7 7. a4 0-0 8. Re1 h6 9. Nbd2 d6 10. h3 Be6 11. Bb3 Qe7 12. Nf1 Rab8 13. Bc2 Rbd8 14. Ng3 d5 15. exd5 Nxd5 16. Qe2 Qf6 17. Nh5 Qg6 18. Nh4 Qh7 19. d4 f5 20. dxe5 g6 21. Ng3 Qg7 22. Nf3 Kh8 23. Bd2 Rd7 24. Rad1 Rfd8 25. c4 Ndb4 26. Bb1 a5 27. Bc3 Nd4 28. Nxd4 Bxd4 29. Bxd4 Rxd4 30. Rxd4 Rxd4 31. Qf3 c6 32. Ne2 Rxc4 33. Nf4 Qf7 34. b3 Rd4 35. Qe3 Rd7 36. Nxe6 Qxe6 37. Qxh6+ Kg8 38. h4 Nd5 39. h5 Rg7 40. Bd3 Kf7 41. hxg6+ Rxg6 42. Qh7+ Kf8 43. Bc4 Rg7 44. Qh4 Ke8 45. Qf6 Re7 46. Qxe6 Rxe6 47. f4 Re7 48. Bxd5 cxd5 49. Rd1 Rd7 50. Kf2 Ke7 51. Rh1 Kf8 52. Rh5 Rf7 53. Ke3 Ke7 54. Kd4 Rg7 55. Kxd5 Rxg2 56. Rh7+ Ke8 57. Rxb7 1-0

[Event "Zadar op-A 24th"]
[Site "Zadar"]
[Date "2017.12.10"]
[Round "2"]
[White "Godbole, Atharva"]
[Black "De Francesco, Klaus"]
[Result "1/2-1/2"]
[WhiteElo "2178"]
[BlackElo "2314"]
[PlyCount "75"]
[EventDate "2017.12.09"]
[EventType "swiss"]
[EventRounds "9"]
[EventCountry "CRO"]
[SourceTitle "CBM 182 Extra"]
[Source "ChessBase"]
[SourceDate "2018.02.23"]
[SourceVersion "1"]
[SourceVersionDate "2018.02.23"]
[SourceQuality "1"]

1. e4 e6 2. d4 d5 3. e5 c5 4. c3 Nc6 5. Nf3 Bd7 6. Be2 Nge7 7. Na3 cxd4 8. cxd4 Ng6 9. h4 Be7 10. g3 0-0 11. h5 Nh8 12. Bf4 f6 13. exf6 Bxf6 14. Nc2 Nf7 15. Qd2 Qe7 16. 0-0 Nd6 17. Ne5 Ne4 18. Qe3 Be8 19. Kg2 a5 20. Rae1 Rc8 21. Rc1 Nd6 22. Bg4 Bxe5 23. dxe5 Nc4 24. Qe2 Bd7 25. b3 Na3 26. Qd2 Nxc2 27. Rxc2 Qb4 28. Rfc1 Qxd2 29. Rxd2 Nb4 30. Rxc8 Rxc8 31. Be3 Kf7 32. f4 g6 33. h6 Bb5 34. Bb6 a4 35. Ba5 Nc6 36. Bb6 Nb4 37. Ba5 Nc6 38. Bb6 1/2-1/2

[Event "Ho Chi Minh City HD Bank op 7th"]
[Site "Ho Chi Minh City"]
[Date "2017.03.14"]
[Round "5"]
[White "Godbole, Atharva"]
[Black "Kyaw, Lin Naing"]
[Result "1/2-1/2"]
[WhiteElo "2100"]
[BlackElo "2289"]
[PlyCount "90"]
[EventDate "2017.03.12"]
[EventType "swiss"]
[EventRounds "9"]
[EventCountry "VIE"]
[SourceTitle "CBM 177 Extra"]
[Source "ChessBase"]
[SourceDate "2017.04.27"]
[SourceVersion "1"]
[SourceVersionDate "2017.04.27"]
[SourceQuality "1"]

1. e4 c5 2. Nf3 d6 3. d4 cxd4 4. Nxd4 Nf6 5. Nc3 a6 6. f3 e6 7. Be3 b5 8. Qd2 Nbd7 9. g4 Nb6 10. a4 bxa4 11. Nxa4 Nxa4 12. Rxa4 Bb7 13. Be2 Be7 14. 0-0 d5 15. g5 Nd7 16. Rfa1 Nc5 17. Ra5 dxe4 18. f4 Qc8 19. b4 Nd7 20. b5 Nb8 21. bxa6 Nxa6 22. Bb5+ Kf8 23. Nc6 Bxc6 24. Bxa6 Qe8 25. Bc4 Rd8 26. Qc3 h6 27. Bd4 f6 28. Bxe6 hxg5 29. fxg5 e3 30. Qxe3 Qh5 31. h3 Rxd4 32. Qxd4 Qf3 33. Qg4 Bc5+ 34. Rxc5 Qe3+ 35. Kf1 Qxc5 36. gxf6 gxf6 37. Re1 Qc3 38. Bc4 Qxh3+ 39. Qxh3 Rxh3 40. Re6 Rf3+ 41. Ke2 Bb7 42. Rb6 Rf4 43. Bd3 Bd5 44. Ke3 Rf3+ 45. Ke2 Rf4 1/2-1/2

[Event "Barbera del Valles op 39th"]
[Site "Barbera del Valles"]
[Date "2016.07.12"]
[Round "9"]
[White "Jareno Badenas, Aleix"]
[Black "Godbole, Atharva"]
[Result "1-0"]
[WhiteElo "2063"]
[BlackElo "2088"]
[PlyCount "39"]
[EventDate "2016.07.04"]
[EventType "swiss"]
[EventRounds "9"]
[EventCountry "ESP"]
[SourceTitle "EXT 2017"]
[Source "ChessBase"]
[SourceDate "2016.10.25"]
[SourceVersion "1"]
[SourceVersionDate "2016.10.25"]
[SourceQuality "1"]

1. Nf3 Nf6 2. g3 b6 3. Bg2 Bb7 4. 0-0 c5 5. d3 g6 6. e4 d6 7. Nh4 Nc6 8. f4 Bg7 9. c3 0-0 10. Be3 Nd7 11. Nd2 b5 12. f5 b4 13. Bh3 Rb8 14. fxg6 hxg6 15. Nxg6 fxg6 16. Be6+ Kh8 17. Qg4 Rxf1+ 18. Rxf1 Nf8 19. Rxf8+ Bxf8 20. Qh4+ 1-0

[Event "Barbera del Valles op 39th"]
[Site "Barbera del Valles"]
[Date "2016.07.11"]
[Round "8"]
[White "Godbole, Atharva"]
[Black "Dardha, Arben"]
[Result "0-1"]
[WhiteElo "2088"]
[BlackElo "2330"]
[PlyCount "110"]
[EventDate "2016.07.04"]
[EventType "swiss"]
[EventRounds "9"]
[EventCountry "ESP"]
[SourceTitle "EXT 2017"]
[Source "ChessBase"]
[SourceDate "2016.10.25"]
[SourceVersion "1"]
[SourceVersionDate "2016.10.25"]
[SourceQuality "1"]

1. e4 c5 2. Nf3 Nc6 3. d4 cxd4 4. Nxd4 e5 5. Nb5 d6 6. N1c3 a6 7. Na3 b5 8. Nd5 Nf6 9. Bg5 Be7 10. Bxf6 Bxf6 11. c3 Bg5 12. Be2 0-0 13. 0-0 Ne7 14. Nc2 Nxd5 15. exd5 f5 16. a4 bxa4 17. Rxa4 a5 18. b4 Bd7 19. b5 Qe8 20. c4 Bd8 21. Nb4 Bb6 22. Nc6 Rf6 23. Kh1 g5 24. Qd2 f4 25. g4 f3 26. Qxg5+ Rg6 27. Ne7+ Qxe7 28. Qxe7 fxe2 29. Re1 Bxg4 30. h4 Bf3+ 31. Kh2 Bxf2 32. Ra3 Bh5 33. b6 Bxe1 34. b7 Rb8 35. Qc7 Rxb7 36. Qc8+ Kg7 37. Qxb7+ Kh6 38. Qe7 Bg4 39. Re3 Bd2 40. Rxe2 Bf4+ 41. Kg2 Bxe2+ 42. Kf2 Bxc4 43. h5 Kxh5 44. Qxh7+ Bh6 45. Qf7 Bf4 46. Qf5+ Kh6 47. Qf8+ Kg5 48. Qe7+ Rf6 49. Qg7+ Kf5 50. Qh7+ Kg4 51. Qd7+ Kh4 52. Qc6 Bg5+ 53. Kg2 Bf1+ 54. Kh1 Bh3 55. Qc4+ Rf4 0-1

[Event "Barbera del Valles op 39th"]
[Site "Barbera del Valles"]
[Date "2016.07.08"]
[Round "5"]
[White "Perez Manas, Benjamin"]
[Black "Godbole, Atharva"]
[Result "1/2-1/2"]
[WhiteElo "2293"]
[BlackElo "2088"]
[PlyCount "59"]
[EventDate "2016.07.04"]
[EventType "swiss"]
[EventRounds "9"]
[EventCountry "ESP"]
[SourceTitle "EXT 2017"]
[Source "ChessBase"]
[SourceDate "2016.10.25"]
[SourceVersion "1"]
[SourceVersionDate "2016.10.25"]
[SourceQuality "1"]

1. e4 e5 2. Nf3 Nc6 3. Bb5 a6 4. Ba4 Nf6 5. 0-0 Nxe4 6. d4 b5 7. Bb3 d5 8. dxe5 Be6 9. c3 Bc5 10. Nbd2 0-0 11. Bc2 Nxf2 12. Rxf2 f6 13. exf6 Bxf2+ 14. Kxf2 Qxf6 15. Kg1 Rae8 16. Nf1 Ne5 17. Be3 Nxf3+ 18. Qxf3 Qxf3 19. gxf3 Rxf3 20. Bd1 Rf7 21. Bb3 c6 22. Re1 Bh3 23. Nd2 Rfe7 24. Kf2 Rf7+ 25. Kg3 Rfe7 26. Kf2 Rf7+ 27. Kg3 Rfe7 28. Kf3 Rf7+ 29. Ke2 Rfe7 30. Kf2 1/2-1/2

[Event "Barbera del Valles op 39th"]
[Site "Barbera del Valles"]
[Date "2016.07.05"]
[Round "2"]
[White "Godbole, Atharva"]
[Black "Hernandez Requena, Francesc"]
[Result "1-0"]
[WhiteElo "2088"]
[BlackElo "1718"]
[PlyCount "61"]
[EventDate "2016.07.04"]
[EventType "swiss"]
[EventRounds "9"]
[EventCountry "ESP"]
[SourceTitle "EXT 2017"]
[Source "ChessBase"]
[SourceDate "2016.10.25"]
[SourceVersion "1"]
[SourceVersionDate "2016.10.25"]
[SourceQuality "1"]

1. e4 c5 2. Nf3 d6 3. d4 cxd4 4. Nxd4 Nf6 5. Nc3 g6 6. Be3 Bg7 7. f3 0-0 8. Qd2 Re8 9. 0-0-0 Nc6 10. g4 Be6 11. Nxe6 fxe6 12. g5 Nh5 13. f4 Qa5 14. Bc4 d5 15. exd5 Rad8 16. Qe1 Qb4 17. Bb3 Na5 18. dxe6 Rc8 19. Kb1 Nxb3 20. axb3 Nxf4 21. Bc1 Rc6 22. Qh4 Nd5 23. Qxb4 Nxb4 24. Rhe1 Rec8 25. Rd7 Bxc3 26. bxc3 Rxc3 27. Bd2 Rxc2 28. Bxb4 Rxh2 29. Rxe7 Rcc2 30. Re8+ Kg7 31. Bf8+ 1-0

[Event "Abu Dhabi op 23rd"]
[Site "Abu Dhabi"]
[Date "2015.08.30"]
[Round "8"]
[White "Raja, Harshit"]
[Black "Godbole, Atharva"]
[Result "1-0"]
[WhiteElo "2247"]
[BlackElo "2061"]
[PlyCount "49"]
[EventDate "2015.08.23"]
[EventType "swiss"]
[EventRounds "9"]
[EventCountry "UAE"]
[SourceTitle "EXT 2016"]
[Source "ChessBase"]
[SourceDate "2015.10.08"]
[SourceVersion "1"]
[SourceVersionDate "2015.10.08"]
[SourceQuality "1"]

1. e4 e5 2. f4 d5 3. exd5 exf4 4. Nf3 Nf6 5. Bc4 Nxd5 6. 0-0 Be6 7. Bb3 Be7 8. d4 0-0 9. c4 Ne3 10. Bxe3 fxe3 11. h3 Nd7 12. Nc3 Nf6 13. Qd3 c6 14. Ng5 g6 15. Nxe6 fxe6 16. Qxe3 Kg7 17. Ne2 Bd6 18. c5 Bc7 19. Nf4 Bxf4 20. Qxf4 Qd7 21. Qe5 Rad8 22. Rf4 Rde8 23. Raf1 Qe7 24. g4 h6 25. h4 1-0

[Event "New Delhi Parsvnath op 13th"]
[Site "New Delhi"]
[Date "2015.01.16"]
[Round "10"]
[White "Ortega Ruiz, Jose Miguel"]
[Black "Godbole, Atharva"]
[Result "0-1"]
[WhiteElo "2339"]
[BlackElo "2065"]
[PlyCount "76"]
[EventDate "2015.01.09"]
[EventType "tourn"]
[EventRounds "10"]
[EventCountry "IND"]
[SourceTitle "CBM 164 Extra"]
[Source "ChessBase"]
[SourceDate "2015.03.02"]
[SourceVersion "1"]
[SourceVersionDate "2015.03.02"]
[SourceQuality "1"]

1. d4 Nf6 2. c4 e6 3. Nf3 b6 4. g3 Ba6 5. Qc2 c5 6. d5 exd5 7. cxd5 Bb7 8. Bg2 Nxd5 9. 0-0 Be7 10. Rd1 Nc6 11. Qa4 Nf6 12. e4 0-0 13. e5 Ne8 14. Nc3 Nc7 15. Be3 Re8 16. Rd2 a6 17. Rad1 Nb8 18. Qg4 Ne6 19. Nd5 Bxd5 20. Rxd5 Ra7 21. h4 Nc6 22. a3 Kh8 23. Ng5 Bxg5 24. hxg5 Ned4 25. Bxd4 Nxd4 26. Be4 g6 27. Kg2 Re6 28. Rh1 Qg8 29. b4 Rc7 30. bxc5 bxc5 31. Rb1 Qe8 32. f4 d6 33. Qh3 dxe5 34. Rh1 f5 35. Rxc5 Ree7 36. Rhc1 Rxc5 37. Rxc5 exf4 38. Bd3 Qa8+ 0-1

[Event "New Delhi Parsvnath op 13th"]
[Site "New Delhi"]
[Date "2015.01.12"]
[Round "6"]
[White "Godbole, Atharva"]
[Black "Murali Krishnan, BT."]
[Result "1/2-1/2"]
[WhiteElo "2065"]
[BlackElo "2283"]
[PlyCount "49"]
[EventDate "2015.01.09"]
[EventType "tourn"]
[EventRounds "10"]
[EventCountry "IND"]
[SourceTitle "CBM 164 Extra"]
[Source "ChessBase"]
[SourceDate "2015.03.02"]
[SourceVersion "1"]
[SourceVersionDate "2015.03.02"]
[SourceQuality "1"]

1. e4 d5 2. exd5 Qxd5 3. Nc3 Qa5 4. Bc4 c6 5. d3 Nf6 6. Bd2 Qc7 7. Qe2 Nbd7 8. f4 b5 9. Bb3 Nc5 10. Nf3 a5 11. Ne5 e6 12. d4 Nxb3 13. axb3 Be7 14. 0-0 0-0 15. Ne4 Nxe4 16. Qxe4 Bb7 17. Qe1 b4 18. f5 exf5 19. Rxf5 c5 20. Qg3 Bd6 21. Raf1 cxd4 22. Bf4 f6 23. Nc4 Bxf4 24. R1xf4 a4 25. Rxd4 1/2-1/2